000 01599nam a2200409 i 4500
001 56152
003 KOSZ 005
005 20221012142844.0
008 090701s2008 pl |000 0 pol
040 _cKOSZ 005
_aKOSZ 005
_dKOSZ 005/HR
041 0 _apol
_beng
044 _aPOL
046 _k2008
080 _a538.91
080 _a620.1
100 1 _aRożniatowski, Krzysztof
_eAutor
245 1 0 _aMetody charakteryzowania niejednorodności rozmieszczenia elementów strukturalnych w materiałach wielofazowych /
_cKrzysztof Rożniatowski.
260 _aWarszawa :
_bOficyna Wydawnicza Politechniki Warszawskiej,
_c2008.
300 _a90, [3] s. :
_bil. ;
_c24 cm.
336 _2rdacontent
_aTekst
_btxt
337 _2rdamedia
_aBez urządzenia pośredniczącego
_bn
338 _2rdacarrier
_aWolumin
_bnc
380 _aKsiążki
388 _a2001-
490 1 _aPrace Naukowe / Politechnika Warszawska. Inżynieria Materiałowa,
_x1230-9265 ;
_vz. 22
500 _aOpis wg okł. Tyt. nagł. serii : Prace Naukowe Politechniki Warszawskiej.
504 _aBibliogr. s. 83-89.
546 _aStreszcz. ang.
650 7 _aMateriałoznawstwo
650 7 _aMateriały wielofazowe
650 7 _aMikrostruktura
658 _aInżynieria i technika
710 2 _aOficyna Wydawnicza Politechniki Warszawskiej
_4pbl
830 0 _aPrace Naukowe - Politechnika Warszawska.
_pInżynieria Materiałowa
_vz. 22
856 _uhttp://koha.tu.koszalin.pl/cgi-bin/koha/opac-detail.pl?biblionumber=56152
_yKatalog online BPK
942 _cKS
_2UKD
999 _c56152
_d56152